| 000 | 00626nam a22001577a 4500 | ||
|---|---|---|---|
| 008 | 160526b xxu||||| |||| 00| 0 eng d | ||
| 082 |
_22014 _aUT 0523 _bD37 |
||
| 100 |
_99091 _aDela Cruz, Michelle. |
||
| 245 |
_aMathematics majors' disrimination of mathematical tasks according to bloom's taxonomy _cMichelle Dela Cruz, Leafar F. Dela Torre and Jasmin Lynn C. Villanueva. |
||
| 260 |
_aDigos City: _bUMDC _cOctober 2014. |
||
| 300 |
_a48 pages; _c30 cm. |
||
| 650 | 0 |
_99090 _aEducation _vMathematics _xUndergraduate thesis. |
|
| 700 |
_99088 _aDela Torre, Leafar F. |
||
| 700 |
_99089 _aVilanueva, Jasmin Lynn C. |
||
| 942 |
_2ddc _cUT |
||
| 999 |
_c2745 _d2745 |
||